000 00910nam a2200265 u 4500
001 67202
005 20210526121719.0
008 170420s2011 mx a r 000 0 spa d
020 _a9786074384086
040 _erda
041 _aspa
082 0 _a001.42
_bGUE
100 1 _aGuerrero Dávila, Guadalupe,
_eautor
_94144
245 1 0 _aMetodología de la investigación /
_cGuadalupe Guerrero Dávila, María Concepción Guerrero Dávila.
250 _aPrimera edición
264 1 _aMéxico :
_bGrupo Editorial Patria,
_c2011
300 _axx, 103 páginas :
_bilustraciones ;
_c27 cm.
336 _atexto
_2rdacontent
_btxt
337 _asin medio
_2rdamedia
_bn
338 _avolumen
_2rdacarrier
_bnc
490 0 _aSerie Integral por Competencias
650 4 _aInvestigación -- Metodología
700 1 _aGuerrero Dávila, María Concepción,
_eautor
999 _c67202
_d67202
942 _h001.42
_iGUE
_cLI